Central Library OPAC University of Rajshahi

A concise history of the American Republic / (Record no. 64552)

MARC details
000 -LEADER
fixed length control field 00955nam a2200265 a 4500
001 - CONTROL NUMBER
control field 64552
003 - CONTROL NUMBER IDENTIFIER
rucl marc code BD-RjUL
005 - DATE AND TIME OF LATEST TRANSACTION
control field 20211209081324.0
008 - FIXED-LENGTH DATA ELEMENTS--GENERAL INFORMATION
fixed length control field 170 r19771930nyua b 001 0 eng
035 ## - SYSTEM CONTROL NUMBER
System control number (BD-RjUL)64682
040 ## - CATALOGING SOURCE
Original cataloging agency DLC
Transcribing agency DLC
Modifying agency BD-RjUL
Language of cataloging eng
041 ## - LANGUAGE CODE
Language code of text/sound track or separate title eng
082 00 - DEWEY DECIMAL CLASSIFICATION NUMBER
Classification number 973
Edition number 23
Author mark and year MOC 1977
100 1# - MAIN ENTRY--PERSONAL NAME
Personal name Morison, Samuel Eliot,
Dates associated with a name 1887-1976.
9 (RLIN) 176549
245 12 - TITLE STATEMENT
Title A concise history of the American Republic /
Statement of responsibility, etc. Samuel Eliot Morison, Henry Steele Commager, William E. Leuchtenburg.
250 ## - EDITION STATEMENT
Edition statement 2nd ed., An abbreviated and rev. ed. of The growth of the American Republic.
260 ## - PUBLICATION, DISTRIBUTION, ETC. (IMPRINT)
Place of publication, distribution, etc. New York :
Name of publisher, distributor, etc. Oxford University Press,
Date of publication, distribution, etc. 1930, c1977
300 ## - PHYSICAL DESCRIPTION
Pagination V. 2 :
Illustrations ill. ;
Size 24 cm.
504 ## - BIBLIOGRAPHY, ETC. NOTE
Bibliography, etc Includes bibliography and index.
505 0# - FORMATTED CONTENTS NOTE
Formatted contents note Vol. 2--since 1865
651 #0 - SUBJECT ADDED ENTRY--GEOGRAPHIC NAME
Geographic name United States
9 (RLIN) 176143
700 1# - ADDED ENTRY--PERSONAL NAME
Personal name Commager, Henry Steele,
Dates associated with a name 1902-1998.
Personal name Leuchtenburg, William Edward,
Dates associated with a name 1922-
942 ## - ADDED ENTRY ELEMENTS (KOHA)
Source of classification or shelving scheme Dewey Decimal Classification
Koha item type Books
Holdings
Lost status Source of classification or shelving scheme Damaged status Not for loan Collection code Permanent Location Current Location Shelving location Date acquired Source of acquisition Total Checkouts Full call number Date last seen Copy number Koha item type
  Dewey Decimal Classification   Not For Loan Non-fiction Central Library, University of Rajshahi Central Library, University of Rajshahi Reading Room 22/07/1985 Asia foundations   973 MOC V-2 1977 16/02/2017 C-1 Books